| 000 | 00636nam a2200217 u 4500 | ||
|---|---|---|---|
| 005 | 20240910063939.0 | ||
| 008 | 100308s2005 es r 000 0 spa d | ||
| 020 | _a8421694715 | ||
| 035 | _aUPN01000175024 | ||
| 049 | _aI | ||
| 050 | 4 |
_aPZ75 _bA4.2 |
|
| 100 | 1 |
_aAlonso, Manuel Luis, _d1948- _930691 |
|
| 245 | 1 | 0 |
_aArturo [ama a] Verónica / _cManuel L. Alonso ; il. de Lluís Filella. |
| 260 |
_aMadrid : _bBruño, _c2005. |
||
| 300 |
_a97 p. : _bil. |
||
| 440 | 0 |
_aDelfines. _pCuentos ; _v5 |
|
| 650 | 4 |
_aCuentos infantiles españoles _97725 |
|
| 650 | 4 |
_aNiños en la literatura _914415 |
|
| 905 | _aLibro | ||
| 999 |
_c147128 _d147128 |
||